000 00576nam a22001937a 4500
001 00028338
005 20260226162223.0
008 260226b ag ||||| |||| 00| 0 spa d
040 _aAR-CcCEOS
_bspa
_cAR-CcCEOS
041 _aspa
080 _a821.111
090 _bQUI v.62
100 1 _aDe Quincey, Thomas,
_d1785-1859
_9647
245 _aConfesiones de un opiómano inglés /
_cThomas de Quincey
264 _aBuenos Aires :
_bCentro Editor de America Latina,
_cc1978.
300 _a78 p. ;
_c19x13 cm.
490 _vColección Biblioteca Total
942 _2udc
_cBK
_n0
999 _c28358
_d28358